แสดงรายละเอียดบรรณานุกรม
  กลับหน้าหลัก

Brief Record : Get Marc (ISO 2709) : E-mail record : QR code ปิดหน้าต่าง
LEADER 00000nam 2200000uu 4500
008    110222s2552||||th 000 0 tha d
060  0 วจ WM 20 ศ738ส 2553
100 0  ^aศุภาพิชญ์ (มณีสาคร) โฟนโบร์แมนน์.
245 00 ^aรายงานวิจัยเรื่อง สถานการณ์กำลังคนด้านสุขภาพจิตและจิตเวช นอกสังกัดกรมสุขภาพจิต กระทรวงสาธารณสุข พ.ศ.2552/^bศุภาพิชญ์ (มณีสาคร) โฟนโบร์แมนน์,วรรณวิไล ภู่ตระกูล,นิรนาท วิทยโชคกิติคุณ.
260    ^aกรุงเทพฯ : ^bสถาบันพระบรมราชชนก,^c2553.
300    ^aจำนวน 51 หน้า ;^bภาพประกอบ.
650  0 ^aกำลังคนด้านสุขภาพจิตและจิตเวช - - ^xสถานการณ์.
650  0 ^aบุคลากรที่ปฏิบัติงาน - - ^xจิตเวช.
650  0 ^aบริการสุขภาพจิตและจิตเวช.
700 0  ^aวรรณวิไล ภู่ตระกูล.
700 0  ^aนิรนาท วิทยโชคกิติคุณ.
710 1  ^aสถาบันพระบรมราชชนก กระทรวงสาธารณสุข.
999    ^aใช้งานได้ทุกระบบ
รายการนี้ยังไม่มีแท็ก
คุณยังไม่ได้ล็อกอิน คุณสามารถมีกิจกรรมร่วมกับเว็บไซต์ได้ แต่ต้องล็อกอินก่อน ::
  ล็อกอิน
ลำดับที่ ประเภท เลขเรียก สถานที่ สถานะ
1. งานวิจัย
งานวิจัย
วจ WM 20 ศ738ส 2553 2552  
  
หนังสือทั่วไป On Shelf
  ขอยืม
   [แสดง 1/1 รายการ]

BibComment


ยังไม่เคยถูกคอมเมนท์

คอมเมนท์ทรัพยากรรายการนี้
  คอมเมนท์: รายงานวิจัยเรื่อ..
Bib 205841

 
 
 

 Union Library Management : ULibM
Copyright 2026. All Rights Reserved.
скачать бесплатно без регистрации порно красивый секс HD Sex Hindi sex

xxx gou

xxxx

bfxxx

xxxwww

Секса Видео

xxxx

Секса Видео

detube

geilexxx

C99 Shell

worms shell

blod xxx video
Ebony Coed Rihanna Rimes Takes A Dick In Her Young Twat priyaa indian fuck anal and pusssy hardcore indian women xxx desi hardcore fucking part 1 bengalixxxcouple